| 000 | 00767na a2200253 4500 | ||
|---|---|---|---|
| 999 |
_c12960 _d12960 |
||
| 001 | 13395 | ||
| 003 | MIRAKIL | ||
| 005 | 20190315114620.0 | ||
| 008 | 161003b tu 000 0 | ||
| 020 | _a9755334440 | ||
| 040 |
_aTR-AnCHP _btur _cTR-AnCHP |
||
| 041 | _atur | ||
| 082 |
_a305.509561 _bB66b 2005 |
||
| 100 | _aBoratav, Korkut | ||
| 245 |
_a1980'li yıllarda Türkiye'de sosyal sınıflar ve bölüşüm/ _cKorkut Boratav. |
||
| 246 | _aTürkiye'de sosyal sınıflar ve bölüşüm | ||
| 250 | _a2. bs. | ||
| 260 |
_aAnkara: _bİmge Kitabevi _c2005 |
||
| 300 |
_a142 s. _c20 sm. |
||
| 650 |
_aSiyasal tarih _xSosyal sınıflar |
||
| 650 |
_aSınıf mücadelesi, 1980 _zTürkiye |
||
| 650 |
_aToplumsal sınıflar _x20. yüzyıl |
||
| 942 |
_cBKS _2ddc |
||